00301nam a2200121Ia 4500008004100000082001600041100002300057245004200080250000800122260002400130300000800154650001700162150301s2014 xx 000 0 und d a618.1bJ14M aMALHOTRA, NARENDRA aJAFFCOATE'S PRINCIPLES OF GYNAECOLOGY a8TH bJAYPEEaDELHIc2014 a927 aOBST. & GYNE